Propuesta de urbanización sostenible para personas de clase media en el distrito III, Managua
Presenta una propuesta de urbanización sostenible para personas de clase media en el distrito III de Managua; se realiza con el fin de mejorar la problemática de las familias y la variabilidad del número de integrantes de estas, basado en el manejo eficiente de planificación urbana sostenible....
| Main Authors: | , |
|---|---|
| Other Authors: | |
| Format: | Tesis Section = Libro |
| Language: | Undetermined Spanish |
| Published: |
Managua
UNI
2018
|
| Subjects: |
| LEADER | 01213nam a2200277Ia 4500 | ||
|---|---|---|---|
| 008 | 240830s9999 xx 000 0 und d | ||
| 040 | |a BIBLIOTECA-RUSB/ Mon 711.58 Z49 | ||
| 041 | |a spa | ||
| 082 | |a Mon 711.58 Z49 | ||
| 100 | 1 | |a Zelaya Bermúdez, Daniela Michell | |
| 100 | 1 | |b Rodríguez Munguía, Jean Carlos de Jesús | |
| 245 | 1 | 0 | |a Propuesta de urbanización sostenible para personas de clase media en el distrito III, Managua |
| 260 | |a Managua |b UNI |c 2018 | ||
| 300 | |a 159 p. :il. | ||
| 500 | |a Contiene: anexos e Incluye: CD. | ||
| 502 | |a Tesis (Arquitecto) - UNI, 2018. | ||
| 520 | 3 | |a Presenta una propuesta de urbanización sostenible para personas de clase media en el distrito III de Managua; se realiza con el fin de mejorar la problemática de las familias y la variabilidad del número de integrantes de estas, basado en el manejo eficiente de planificación urbana sostenible. | |
| 650 | 7 | |a URBANIZACION | |
| 650 | 7 | |b ARQUITECTURA SOSTENIBLE | |
| 650 | 7 | |c DISEÑOS ARQUITECTONICOS | |
| 650 | 7 | |d VIVIENDAS-ASPECTOS SOCIALES | |
| 650 | 7 | |e ARQUITECTURA-DISEÑOS Y PLANOS | |
| 700 | 1 | |a Tutor: |b Castillo Vanegas, Ingrid María | |
| 942 | |c BK |2 ddc | ||
| 991 | |a TESIS | ||
| 999 | |c 21024 | ||